| 000 | 00510nam a2200193Ia 4500 | ||
|---|---|---|---|
| 008 | 170918s9999 xx 000 0 und d | ||
| 020 | _a9780439365511 | ||
| 050 | _bJ124 1997 | ||
| 100 | _aJackson, Alison | ||
| 245 | _aI know an old lady who shallowed a pie / | ||
| 245 | _cby Alison Jackson ; pictures by Judith Byron Schachner. | ||
| 260 | _aNew York : | ||
| 260 | _bScholastic, | ||
| 260 | _c1997 | ||
| 300 | _aunpaged : | ||
| 300 | _bcolored illustration ; | ||
| 300 | _c25cm. | ||
| 500 | _a120 | ||
| 999 |
_c342960 _d342960 |
||